[Event "DEM U14w 2023"]
[Site "Willingen GER"]
[Date "2023.05.28"]
[Round "2"]
[White "Hoffmann, Svenja"]
[Black "Ignatova, Gabriela"]
[Result "1/2-1/2"]
[Termination "normal"]
[Board "12"]
[WhiteElo "1491"]
[BlackElo "1146"]
[WhiteClock "01:07:55"]
[BlackClock "01:00:33"]
[PlyCount "42"]
[WhiteFideId "16287312"]
[BlackFideId "34623698"]
[EventCountry "GER"]
[EventRounds "9"]
[EventType "swiss"]
[EventDate "2023.05.27"]

1. e4 {[%clk 01:30:57]} {[%emt 00:00:01]} c5 {[%clk 01:30:56]} {[%emt
00:00:05]} 2. Nf3 {[%clk 01:31:15]} {[%emt 00:00:12]} e6 {[%clk 01:31:21]}
{[%emt 00:00:05]} 3. d4 {[%clk 01:31:30]} {[%emt 00:00:15]} cxd4 {[%clk
01:31:45]} {[%emt 00:00:07]} 4. Nxd4 {[%clk 01:31:54]} {[%emt 00:00:05]} a6
{[%clk 01:32:08]} {[%emt 00:00:07]} 5. a3 {[%clk 01:31:19]} {[%emt 00:01:06]}
Qc7 {[%clk 01:29:39]} {[%emt 00:02:57]} 6. Nc3 {[%clk 01:30:59]} {[%emt
00:00:50]} Nc6 {[%clk 01:28:51]} {[%emt 00:01:20]} 7. Be3 {[%clk 01:31:14]}
{[%emt 00:00:14]} Nf6 {[%clk 01:26:43]} {[%emt 00:02:38]} 8. f3 {[%clk
01:31:31]} {[%emt 00:00:14]} b5 {[%clk 01:24:13]} {[%emt 00:02:59]} 9. Nb3
{[%clk 01:23:49]} {[%emt 00:08:12]} Bb7 {[%clk 01:19:33]} {[%emt 00:05:10]} 10.
Qd2 {[%clk 01:23:35]} {[%emt 00:00:44]} Be7 {[%clk 01:18:38]} {[%emt 00:01:25]}
11. g4 {[%clk 01:23:05]} {[%emt 00:01:01]} Ne5 {[%clk 01:17:35]} {[%emt
00:01:33]} 12. Be2 {[%clk 01:23:05]} {[%emt 00:00:29]} d5 {[%clk 01:15:03]}
{[%emt 00:03:02]} 13. exd5 {[%clk 01:22:21]} {[%emt 00:01:14]} Nxd5 {[%clk
01:12:31]} {[%emt 00:03:02]} 14. Bd4 {[%clk 01:19:42]} {[%emt 00:03:09]} Nxc3
{[%clk 01:08:21]} {[%emt 00:04:41]} 15. Qxc3 {[%clk 01:09:57]} {[%emt
00:10:15]} Qxc3+ {[%clk 01:06:28]} {[%emt 00:02:22]} 16. Bxc3 {[%clk 01:10:15]}
{[%emt 00:00:11]} Nxf3+ {[%emt 00:01:35]} 17. Kf2 {[%emt 00:04:29]} Bh4+ {[%clk
01:02:41]} {[%emt 00:00:50]} 18. Ke3 {[%clk 01:08:47]} {[%emt 00:00:22]} Bg5+
{[%clk 01:02:15]} {[%emt 00:00:56]} 19. Kf2 {[%emt 00:02:03]} Bh4+ {[%emt
00:01:33]} 20. Ke3 {[%clk 01:07:55]} {[%emt 00:00:12]} Bg5+ {[%clk 01:00:33]}
{[%emt 00:00:46]} 21. Kf2 {[%emt 00:02:13]} Bh4+ {[%emt 00:00:46]} 1/2-1/2

[Event "DEM U14w 2023"]
[Site "Willingen GER"]
[Date "2023.05.28"]
[Round "2"]
[White "Kopylov, Diana"]
[Black "Rabe, Elina"]
[Result "1-0"]
[Termination "normal"]
[Board "13"]
[WhiteElo "1378"]
[BlackElo "1066"]
[WhiteClock "00:02:41"]
[BlackClock "00:55:02"]
[PlyCount "95"]
[WhiteFideId "16268865"]
[BlackFideId "34623531"]
[EventCountry "GER"]
[EventRounds "9"]
[EventType "swiss"]
[EventDate "2023.05.27"]

1. d4 {[%clk 01:30:58]} {[%emt 00:00:01]} d5 {[%clk 01:30:55]} {[%emt
00:00:06]} 2. c4 {[%clk 01:31:23]} {[%emt 00:00:04]} e5 {[%clk 01:31:18]}
{[%emt 00:00:08]} 3. dxe5 {[%clk 01:31:38]} {[%emt 00:00:15]} d4 {[%clk
01:31:27]} {[%emt 00:00:20]} 4. Nf3 {[%clk 01:31:45]} {[%emt 00:00:23]} Nc6
{[%clk 01:31:43]} {[%emt 00:00:14]} 5. a3 {[%clk 01:31:10]} {[%emt 00:01:05]}
Be6 {[%clk 01:31:24]} {[%emt 00:00:49]} 6. e3 {[%clk 01:27:38]} {[%emt
00:04:02]} dxe3 {[%clk 01:31:07]} {[%emt 00:00:48]} 7. Qxd8+ {[%clk 01:27:29]}
{[%emt 00:00:39]} Rxd8 {[%clk 01:31:32]} {[%emt 00:00:05]} 8. Bxe3 {[%clk
01:27:35]} {[%emt 00:00:23]} Nge7 {[%clk 01:30:36]} {[%emt 00:01:27]} 9. Bf4
{[%clk 01:20:35]} {[%emt 00:07:28]} Ng6 {[%clk 01:29:48]} {[%emt 00:01:19]} 10.
Bg3 {[%clk 01:20:24]} {[%emt 00:00:41]} Bg4 {[%clk 01:28:06]} {[%emt 00:02:13]}
11. Nbd2 {[%clk 01:11:36]} {[%emt 00:09:17]} Bc5 {[%clk 01:21:14]} {[%emt
00:07:22]} 12. Be2 {[%clk 01:03:23]} {[%emt 00:08:42]} O-O {[%clk 01:20:29]}
{[%emt 00:01:16]} 13. O-O {[%clk 01:01:28]} {[%emt 00:02:25]} Rfe8 {[%clk
01:12:04]} {[%emt 00:08:56]} 14. Rfe1 {[%clk 00:59:01]} {[%emt 00:02:56]} Bxf3
{[%clk 01:09:38]} {[%emt 00:02:56]} 15. Nxf3 {[%clk 00:57:25]} {[%emt
00:02:06]} Ncxe5 {[%clk 01:09:19]} {[%emt 00:00:49]} 16. h3 {[%clk 00:45:41]}
{[%emt 00:12:14]} Nxf3+ {[%clk 01:07:58]} {[%emt 00:01:51]} 17. Bxf3 {[%clk
00:45:39]} {[%emt 00:00:32]} Rxe1+ {[%clk 01:07:12]} {[%emt 00:01:16]} 18. Rxe1
{[%clk 00:45:56]} {[%emt 00:00:13]} c6 {[%clk 01:07:13]} {[%emt 00:00:30]} 19.
b4 {[%clk 00:42:58]} {[%emt 00:03:28]} Bd4 {[%clk 01:06:18]} {[%emt 00:01:24]}
20. c5 {[%clk 00:37:35]} {[%emt 00:05:53]} h6 {[%clk 01:00:37]} {[%emt
00:06:11]} 21. Bg4 {[%clk 00:33:20]} {[%emt 00:04:44]} a6 {[%clk 00:53:23]}
{[%emt 00:07:45]} 22. Rd1 {[%clk 00:28:52]} {[%emt 00:04:58]} Bf6 {[%clk
00:53:38]} {[%emt 00:00:15]} 23. Rxd8+ {[%clk 00:24:00]} {[%emt 00:05:22]} Bxd8
{[%clk 00:54:00]} {[%emt 00:00:08]} 24. Bc8 {[%clk 00:24:03]} {[%emt 00:00:27]}
b5 {[%clk 00:53:45]} {[%emt 00:00:45]} 25. Bxa6 {[%clk 00:23:07]} {[%emt
00:01:26]} Bf6 {[%clk 00:53:50]} {[%emt 00:00:25]} 26. Bd6 {[%clk 00:17:07]}
{[%emt 00:06:30]} Bb2 {[%clk 00:53:35]} {[%emt 00:00:45]} 27. Bxb5 {[%clk
00:12:51]} {[%emt 00:04:45]} Bxa3 {[%clk 00:52:27]} {[%emt 00:01:39]} 28. Bxc6
{[%clk 00:13:02]} {[%emt 00:00:20]} Bxb4 {[%clk 00:52:51]} {[%emt 00:00:06]}
29. Kf1 {[%clk 00:11:42]} {[%emt 00:01:50]} f6 {[%clk 00:52:24]} {[%emt
00:00:56]} 30. Ke2 {[%clk 00:10:13]} {[%emt 00:01:59]} Kf7 {[%clk 00:52:44]}
{[%emt 00:00:10]} 31. g3 {[%clk 00:06:50]} {[%emt 00:03:53]} Ke6 {[%clk
00:52:33]} {[%emt 00:00:41]} 32. f4 {[%clk 00:05:58]} {[%emt 00:01:21]} Nxf4+
{[%clk 00:52:14]} {[%emt 00:00:50]} 33. gxf4 {[%clk 00:05:55]} {[%emt
00:00:34]} Kf5 {[%clk 00:52:20]} {[%emt 00:00:24]} 34. Kd3 {[%clk 00:04:44]}
{[%emt 00:01:40]} Bxc5 {[%clk 00:52:35]} {[%emt 00:00:16]} 35. Be4+ {[%clk
00:03:30]} {[%emt 00:01:43]} Ke6 {[%clk 00:52:40]} {[%emt 00:00:25]} 36. Bxc5
{[%clk 00:03:46]} {[%emt 00:00:14]} g5 {[%clk 00:52:53]} {[%emt 00:00:17]} 37.
Be3 {[%clk 00:02:00]} {[%emt 00:02:15]} gxf4 {[%clk 00:53:02]} {[%emt
00:00:22]} 38. Bxf4 {[%clk 00:02:21]} {[%emt 00:00:10]} f5 {[%clk 00:53:20]}
{[%emt 00:00:12]} 39. Bf3 {[%clk 00:02:20]} {[%emt 00:00:31]} h5 {[%clk
00:53:17]} {[%emt 00:00:31]} 40. Bxh5 {[%clk 00:02:29]} {[%emt 00:00:22]} Kf6
{[%clk 00:53:34]} {[%emt 00:00:13]} 41. h4 {[%clk 00:02:16]} {[%emt 00:00:43]}
Kg7 {[%clk 00:53:51]} {[%emt 00:00:13]} 42. Kd4 {[%clk 00:01:53]} {[%emt
00:00:53]} Kh7 {[%clk 00:54:09]} {[%emt 00:00:12]} 43. Ke5 {[%clk 00:02:06]}
{[%emt 00:00:17]} Kg7 {[%clk 00:54:21]} {[%emt 00:00:18]} 44. Kxf5 {[%clk
00:02:15]} {[%emt 00:00:22]} Kh7 {[%clk 00:54:29]} {[%emt 00:00:21]} 45. Bg6+
{[%clk 00:02:19]} {[%emt 00:00:26]} Kg8 {[%clk 00:54:46]} {[%emt 00:00:13]} 46.
h5 {[%clk 00:02:28]} {[%emt 00:00:21]} Kh8 {[%clk 00:54:51]} {[%emt 00:00:24]}
47. Be5+ {[%clk 00:02:27]} {[%emt 00:00:32]} Kg8 {[%clk 00:55:02]} {[%emt
00:00:18]} 48. h6 {[%clk 00:02:41]} {[%emt 00:00:17]} 1-0